Guide to patterns and usage in English

保存先:
書誌詳細
フォーマット: 図書
出版事項: 1991
タグ: タグ追加
タグなし, このレコードへの初めてのタグを付けませんか!
Thư viện lưu trữ: Mạng thư viện Đại học Đà Nẵng
LEADER 00444nam a22001811a 4500
001 000037976
003 14271
005 20160412021207.0
008 160412s1991 000
082 |a 4A(07)1489 
245 |a Guide to patterns and usage in English  |c A.S.Hornby 
260 |c 1991 
OWN |a LNN 
999 |a From the UDN01 
TYP |a Monograph 
980 |a Mạng thư viện Đại học Đà Nẵng